Statistieken voor Classificeert Definitieve van de 2021/2022 Eredivisie

Klik hier om de quiz te nemen!

Algemene statistieken

  • Deze quiz is 16 keer genomen
  • De gemiddelde score is 16 van 18

Antwoordstatistieken

LocatiePuntenResultaatTeam% Correct
#0183Champions LeagueAjax
100%
#0371Euroopa LeagueFeyenoord
100%
#1236/Groningen
100%
#0841/Heerenveen
100%
#1138/NEC
100%
#0281Champions LeaguePSV Eindhoven
100%
#1435/Sparta Rotterdam
100%
#0747/Utrecht
100%
#0561/AZ
93%
#1634Play-out demotieHeracles
93%
#0468Conference LeagueTwente
93%
#0651/Vitesse
93%
#1733DemotieWillem II
86%
#1038/RKC
79%
#1535/Fortuna Sittard
71%
#1336/Go Ahead Eagles
71%
#1827DemotieZwolle
71%
#0939/Cambur
14%

Scoreverdeling

Percentiel versus Aantal Correcte Antwoorden

Procent van Mensen met Elke Score

Uw Scoregeschiedenis

U heeft deze quiz nog niet genomen